000 00618nam a2200205 a 4500
001 2713
003 CO-ViMGA
008 141112s2004 ck r 000 u spa d
020 _a02016537100
040 _aCO-ViMGA
_bspa
_cCO-ViMGA
082 0 4 _aMEVIECAR.64 B334
100 1 _aBeekman, George
_951756
245 1 0 _aComputación e informática hoy :
_buna mirada a la tecnología del mañana /
_cBeekman George
260 _aWilmington :
_bAddison - Wesley,
_c1995
300 _a372 p. : il
590 _aDatos de inventario : 05658
650 1 4 _aCOMPUTACION
_95430
650 1 4 _aINFORMATICA
_95431
942 _2ddc
_cBK
999 _c14788
_d14788